000 00739nam a2200229Ia 4500
001 10022
003 GE_BSU
008 181216s||||||||xx |||||||||||||| ||und||
040 _cGE_BSU
080 _a821.353.1–31
100 _aსანადირაძე,გიორგი
245 _aნადირობა მგლებზე
245 _bრომანი–ქრონიკა
245 _cრედ.ნოდარ მაისურაძე
260 _aთბილისი
260 _bგანათლება
260 _c1987
300 _a255გვ.21სმ.
653 _aნადირობა მგლებზე
653 _aრომანი–ქრონიკა
942 _cBK
999 _c43295
_d43295